[Event "46th BAN National Premier Chess-ch 2021"]
[Site "Dhaka"]
[Date "2022.01.10"]
[Round "13.3"]
[White "Hossain, Enamul"]
[Black "Subrota, Biswas"]
[Result "1-0"]
[WhiteElo "2398"]
[BlackElo "2199"]
[Annotator "TA"]
[PlyCount "47"]
[EventDate "2021.12.27"]
[EventCountry "BAN"]
[SourceTitle "playchess.com"]
[Source "ChessBase"]
[SourceQuality "1"]

{[%evp 16,47,30,12,11,6,15,24,19,19,67,73,33,39,85,90,67,101,215,217,281,291,287,283,459,446,549,577,575,575,674,639,1231,1083]} 1. e4 e5 2. Nf3 Nc6 3. Bb5 {[%cal Bf1b5,Bb5a4,Ba4b3][%mdl 32]} a6 4. Ba4 Nf6 5. O-O b5 6. Bb3 Bc5 7. c3 d6 8. d4 Bb6 9. Be3 O-O {C78: Ruy Lopez: Archangelsk and Möller Defences.} 10. Nbd2 Bg4 11. h3 Bh5 {White has an edge.} (11... exd4 {looks sharper.} 12. cxd4 Bh5 13. Rc1 Nxd4 14. Bxd4 Bxd4 15. g4 Bxb2 16. Rc2 Bg6) 12. dxe5 {12.Bg5 is not played anymore.} Nxe5 (12... dxe5 $11 13. Qe2 Bxe3 14. Qxe3 Re8) 13. Bxb6 $14 {Be3 is the strong threat.} cxb6 14. g4 {[#]} Nxf3+ $146 (14... Bg6 $14 {might be stronger.}) ({Predecessor:} 14... Bg6 15. Nd4 Nxe4 16. f3 Nc5 17. f4 Qh4 18. Kh2 Bd3 19. fxe5 Bxf1 20. Qxf1 dxe5 {0-1 (71) Abdusattorov,N (2627)-Maghsoodloo,P (2676) Chess.com INT 2020}) 15. Qxf3 $16 ({But not} 15. Nxf3 Bg6 $11) 15... Bg6 16. Qg2 {White is more active.} Re8 {[#]} (16... Qe7 $16 {was worth a try.}) 17. f4 $1 $18 {[%cal Bf2f4,Bf4f5][%mdl 32] Black must now prevent f5.} h6 (17... Nxe4 $2 18. f5 Ng5 19. Rae1 $18) 18. f5 Bh7 {[#]} 19. h4 $1 {[%cal Bh3h4,Bh4g5][%mdl 32]} Kf8 $2 (19... Nd7 {was necessary.} 20. g5 Kh8 21. Bxf7 Rf8) 20. g5 {White is clearly winning.} hxg5 21. hxg5 Nd7 22. Nf3 {[%cal Bd2f3,Bf3d4,Bd4e6][%mdl 32]} ({Not} 22. g6 Bg8 23. Rad1 Nf6 $18) 22... Bg8 23. Nd4 f6 24. Ne6+ {Weighted Error Value: White=0.01 (flawless) /Black=0.57} 1-0

[Event "46th BAN National Premier Chess-ch 2021"]
[Site "Dhaka"]
[Date "2022.01.10"]
[Round "13.4"]
[White "Mehdi, Hasan Parag"]
[Black "Reefat, Bin-Sattar"]
[Result "1/2-1/2"]
[WhiteElo "2230"]
[BlackElo "2394"]
[Annotator "TA"]
[PlyCount "32"]
[EventDate "2021.12.27"]
[EventCountry "BAN"]
[SourceTitle "playchess.com"]
[Source "ChessBase"]
[SourceQuality "1"]

{[%evp 13,14,0,11]} 1. e4 e6 2. d4 d5 3. Nc3 Nf6 4. e5 Nfd7 5. f4 c5 6. Nf3 Nc6 7. Be3 Be7 {[#]} {Predecessor:} 8. Qd2 $146 {C11: French: Classical System: 4 e5 and 4 Bg5 dxe4.} O-O 9. Bd3 c4 10. Bf1 b5 11. Ne2 f5 12. h3 b4 13. c3 Rb8 14. g4 bxc3 15. bxc3 Ba3 16. Bg2 Rb2 {1-0 (34) Nepomniachtchi,I (2792)-Korobov,A (2683) Zagreb 2021} 1/2-1/2

[Event "46th BAN National Premier Chess-ch 2021"]
[Site "Dhaka"]
[Date "2022.01.10"]
[Round "13.5"]
[White "Mollah Abdullah, Al Rakib"]
[Black "Nayem, Haque"]
[Result "1/2-1/2"]
[WhiteElo "2459"]
[BlackElo "2091"]
[Annotator "TA"]
[PlyCount "227"]
[EventDate "2021.12.27"]
[EventCountry "BAN"]
[SourceTitle "playchess.com"]
[Source "ChessBase"]
[SourceQuality "1"]

{[%evp 9,227,0,0,-20,20,17,25,20,26,14,21,12,22,25,27,0,18,7,0,0,0,-28,0,-11,0,-20,8,6,0,0,0,0,257,247,205,207,195,49,90,90,102,0,0,-170,-158,-215,-215,-291,-293,-291,-300,-295,-269,-265,-271,-462,-172,-172,-182,-167,-59,-60,-69,-152,-163,-168,-54,-57,-57,-57,-54,-57,-38,-84,0,0,46,-309,-309,-472,-467,-467,-467,-467,-450,-467,-467,-469,-468,-460,-453,-453,-453,-453,-450,-452,-452,-674,-602,-1187,-1187,-1187,-1179,-1179,-1179,-1179,-1179,-1179,-1179,-1179,-1179,-1179,0,-1179,-1179,-1179,-1179,-1179,-1179,-1179,-1179,-1172,-1172,-1172,-1172,-29972,-1172,-1172,-187,-187,-187,-187,-187,-187,-187,-1172,-174,-1172,-1172,-937,-593,-375,-225,-225,-225,-225,-225,-225,-225,-225,0,-225,-225,-225,-225,-29978,-225,-225,-225,-225,-225,-225,-225,-225,-225,-225,0,-225,-225,-225,-225,-225,-225,-225,-225,-225,-225,-225,-225,-225,-225,-225,0,-225,-225,-225,-225,-225,-225,-225,-100,-100,-100,-225,-100,-225,-100,-100,-100,-100,-61,-61,-61,-61,-61,-61,-61,-61,-61,-61,-61,-61,-40,-40,-40,-40,-40,-40,-28,-28]} 1. d4 Nf6 2. Nf3 d5 3. c4 e6 4. Bg5 h6 5. Bh4 Bb4+ (5... g5 $5 6. Bg3 dxc4 $11) 6. Nbd2 {D30: Queen's Gambit Declined: Systems without Nc3.} Be7 {[#]} 7. Rc1 $146 ({Predecessor:} 7. e3 Nc6 8. Rc1 O-O 9. Bd3 Bd7 10. O-O Rc8 11. Bb1 Nh5 12. Bxe7 Qxe7 13. cxd5 exd5 {1-0 (24) Saljova,S-Tkacova,K Czechoslovakia 1990}) 7... O-O 8. e3 {White has an edge.} b6 9. cxd5 exd5 10. Bd3 Nbd7 11. O-O Bb7 12. Bxf6 (12. Bf5 {with more complications.} c5 13. Qc2 Re8 14. dxc5 bxc5 15. Nb3) 12... Bxf6 13. b4 Be7 14. b5 Bd6 15. Bb1 Qe8 16. a4 Nf6 17. Qb3 Ne4 18. Nxe4 dxe4 19. Nh4 Qd7 {[%cal Ob7d5]} 20. f3 Qd8 $2 {[%mdl 8192]} (20... exf3 $11 {and Black is okay.} 21. Nxf3 Rae8) 21. g3 $1 $18 exf3 22. Qd3 {[%csl Gb1][%cal Rd3h7]} f5 23. Ba2+ (23. Nxf5 $18 Qf6 24. e4) 23... Kh7 (23... Kh8 $14 {might be stronger.}) 24. Nxf5 $16 {Threatening mate with Ne7+.} g6 25. Nh4 {Really sharp! White is more active.} (25. Nxd6 $16 cxd6 26. Bb1) 25... Qg5 $1 $36 {[%cal Od6g3][%mdl 2048] Threatens to win with ...Bxg3! White is under pressure.} 26. Kf2 (26. e4 $11) 26... Rae8 $19 27. Bb1 (27. d5 $17 {was necessary.}) 27... Rf6 $1 (27... Be4 28. Qxe4 Rxe4 29. Bxe4 $17) 28. Rc6 Bxc6 29. bxc6 Qg4 30. Rh1 {[%cal Bf1h1,Bh1b1,Bb1b3][%mdl 32]} Qh3 {[%cal Od6g3] ...Bxg3+! is the strong threat.} 31. Qf1 Qe6 {[%csl Ge8][%cal Re6e3]} 32. e4 (32. Qd3 {was the only chance.}) 32... Qb3 $2 (32... Rd8 {[%cal Od6c5] And now ...Bc5! would win.} 33. Qe1 Qb3) 33. Qd3 Qb2+ ({Not} 33... Qxa4 34. Nxg6 (34. e5 Bxe5 35. dxe5 Rxe5 $17) 34... Rxg6 35. e5 $11) 34. Bc2 Bf8 ({Black should play} 34... Bb4 $19 35. Rb1 Qc3 36. Qxc3 Bxc3) 35. Rb1 $15 Qa2 36. d5 (36. e5 $1 $15 Rxc6 37. Rc1) 36... Bc5+ $17 37. Kf1 Qa3 (37... a5 $19 38. Qb3 Qxb3 39. Rxb3 f2) 38. Qxa3 $15 Bxa3 39. Rb3 {[%csl LRa3,LRf3]} Bd6 40. Nxf3 Kg7 41. Ke2 (41. Kg2 $15) 41... Ref8 (41... g5 $17) 42. e5 $11 Rxf3 (42... Re8 $11 {was preferrable.}) 43. exd6 $2 {[%mdl 8192]} (43. Rxf3 $14 {was forced to keep a grip.} Bxe5 44. Rxf8 Kxf8 45. Bxg6) 43... Rxb3 $1 $19 44. dxc7 (44. Bxb3 $142 cxd6 45. Bc4) 44... Rc3 45. Be4 {[#] Hoping for d6.} Rxc6 46. dxc6 {[%mdl 4096] Endgame KR-KB} Rc8 47. Kd3 Kf6 48. Kd4 Ke6 49. Bxg6 Rxc7 50. Be4 Kd6 51. g4 Rg7 52. Bf5 Re7 53. h4 (53. Be4 $142 Re5 54. h4) 53... Kxc6 54. g5 hxg5 55. hxg5 Kd6 56. g6 Rc7 57. Bd3 Ke7 58. Be4 Kf6 59. Bd3 Rc1 60. Be4 Rc7 61. Bd3 $1 Rc5 62. Be4 Ra5 63. Bc2 b5 64. axb5 Rxb5 65. Kc4 Rb8 66. Kc3 a5 67. Kc4 Rb4+ (67... Rc8+ $142 68. Kd3 Kxg6 69. Ba4 Rb8 70. Bc6 Rd8+ 71. Ke4 Rc8 72. Bd7 Rb8 73. Kf3 Kf6 74. Ke3 Ke5 75. Ke2 Rb4 76. Be8 a4 77. Ke3 a3 78. Bf7 Rb2 79. Bg8 a2 80. Bxa2 Rxa2 81. Kd3 Ra4 82. Kd2 Kd4 83. Ke2 Ke4 84. Kd2 Rc4 85. Ke2 Rc2+ 86. Kd1 Kd3 87. Ke1 Ke3 88. Kf1 Rd2 89. Ke1 Rd7 90. Kf1 Rg7 91. Ke1 Rg1#) 68. Kc3 Rg4 $2 (68... Rb6 69. Kd2 Rc6) 69. Kb3 Ke5 70. Ka3 Kd4 {White must now prevent ...Kc3.} 71. Bf5 Rg5 72. Bc2 $2 (72. Bb1) 72... Kc5 $2 (72... Kc3 73. Be4 Rg1) 73. Be4 $2 (73. Kb3) 73... Rg3+ 74. Ka2 Kb4 75. Kb2 a4 76. Ka2 Rg4 77. Bf5 Rg2+ 78. Kb1 Kc3 79. Ka1 Kb4 80. Kb1 Ka3 81. Be6 Rxg6 82. Bd5 $2 (82. Bf7 $19 Rg1+ 83. Kc2) 82... Rg1+ $2 (82... Rb6+ $1 {mates} 83. Kc2 Kb4 84. Bf7 Ka5 85. Bg8 a3 86. Kc3 Rb2 87. Bf7 Kb5 88. Be6 Rg2 89. Bf7 Rf2 90. Bg8 Kc5 91. Kd3 Kb4 92. Kd4 Rb2 93. Ke5 Rb3 $1 {[%mdl 512]} 94. Kf4 a2 95. Bxb3 Kxb3 96. Kg4 a1=Q 97. Kg5 Qe5+ 98. Kg4 Kc4 99. Kf3 Kd3 100. Kf2 Qf6+ 101. Kg1 Ke3 102. Kh2 Qg5 103. Kh3 Kf2 104. Kh2 Qh6#) 83. Kc2 Kb4 84. Kb2 Rg5 85. Be6 Rg2+ 86. Kb1 Ka3 87. Bd5 Rg1+ 88. Kc2 Rg5 89. Be6 Rg6 90. Bd5 Rb6 91. Bf7 Rb2+ 92. Kc1 Rf2 93. Bd5 Kb4 {( -> ...Kc5)} 94. Kb1 Rf1+ 95. Ka2 Rf2+ 96. Kb1 Kc3 97. Be6 Rb2+ 98. Ka1 Kc2 99. Bd5 Kc1 (99... Rb5 $1 $19 {[%cal Rb5d5] has better winning chances.} 100. Bc6 Ra5) 100. Be6 Re2 101. Bf7 {[#]} (101. Bf5 $17 {is the only way for White.} Rb2 102. Be6) 101... Re7 (101... Kc2 $1 $19 {and Black stays clearly on top.} 102. Ka2 Re1) 102. Bc4 {[#]} (102. Bg6 $17 {was forced.} Re6 103. Bf5) 102... Ra7 (102... Kc2 $1 $19 103. Bd5 Re5) 103. Ka2 Kd2 104. Bd5 a3 105. Be6 Kc2 106. Bd5 Kc3 107. Be6 Re7 108. Bd5 Re2+ 109. Ka1 (109. Kxa3 {leads to mate.} Re5 110. Bc6 Ra5+ 111. Ba4 Ra8 112. Ka2 Rxa4+ 113. Kb1 Ra5 114. Kc1 Ra1#) 109... Kb4 110. Bf7 a2 111. Bxa2 Ka3 112. Bb1 Rb2 113. Bf5 Ra2+ 114. Kb1 {Quite a comeback for White.  Weighted Error Value: White=0.43/Black=0.27 (precise)} 1/2-1/2

[Event "46th BAN National Premier Chess-ch 2021"]
[Site "Dhaka"]
[Date "2022.01.10"]
[Round "13.6"]
[White "Murshed, Niaz"]
[Black "Mohammad, Minhaz Uddin"]
[Result "0-1"]
[WhiteElo "2419"]
[BlackElo "2259"]
[Annotator "TA"]
[PlyCount "96"]
[EventDate "2021.12.27"]
[EventCountry "BAN"]
[SourceTitle "playchess.com"]
[Source "ChessBase"]
[SourceQuality "1"]

{[%evp 13,96,7,13,7,48,37,44,28,16,20,29,8,17,0,9,16,9,12,11,-47,-48,-24,-8,-25,-22,-18,-10,-27,-10,-58,-61,-56,11,8,8,3,16,14,62,0,0,0,0,0,0,0,0,0,0,0,0,0,0,-110,-110,-109,-110,-248,-247,-215,-196,-235,-228,-291,-289,-283,-270,-606,-605,-613,-602,-554,-509,-484,-435,-584,-661,-664,-608,-608,-601,-681,-681,-681,-679]} 1. d4 Nf6 2. c4 e6 3. Nf3 b6 4. g3 Bb7 5. Bg2 Bb4+ 6. Nbd2 O-O 7. O-O Re8 8. a3 {E16: Queen's Indian: 4 g3 Bb7 5 Bg2 Bb4+.} Bf8 (8... Be7 $11 {deserves consideration.}) 9. e4 $14 d6 (9... Nxe4 10. Ng5 Qxg5 11. Nxe4 Qg6 12. Nf6+ Qxf6 13. Bxb7 Nc6 14. Bxa8 Rxa8 15. Be3 g6 16. Qe2 Bg7 17. Rad1 d6 18. b4 Re8 19. Kg2 a5 {½-½ (67) Murshed,N (2449)-Mohammad,M (2417) Dhaka 2016}) 10. e5 {White is slightly better.} dxe5 11. dxe5 Nfd7 12. Qc2 {[%cal Of3g5] [#] aiming for Ng5!} (12. Ng5 {with more complications.} Bxg2 13. Qh5 h6 14. Qxf7+ Kh8 15. Kxg2 Nxe5 16. Ndf3) 12... Nc6 13. Ne4 {[#]} Qc8 $146 ({Predecessor:} 13... h6 14. Rd1 Qc8 15. Bf4 Nc5 16. Nxc5 bxc5 17. Be3 Rb8 18. Qc3 Ba8 19. Ne1 Rd8 {1-0 (53) Artemiev,V (2674)-Antipov,M (2573) Moscow 2016}) 14. Bf4 ({Reject} 14. Neg5 g6 $15) 14... h6 {Prevents Neg5.} 15. g4 Nc5 16. Ng3 (16. Nc3 $11) 16... Ne7 $1 $15 17. b4 Nd7 18. Ne4 Ng6 19. Bg3 a5 20. b5 $1 Nc5 21. Nxc5 (21. Nd4 $11) 21... Bxc5 22. a4 Qd7 ({Black should play} 22... c6 $1 $15) 23. Rad1 Qe7 24. h4 {[%cal Bh2h4,Bh4h5][%mdl 32] With the idea h5.} Rad8 25. h5 Nf8 (25... Bxf3 $11 26. Bxf3 Nf8) 26. Bh4 ({Better is} 26. Nd2 $14 Bxg2 27. Kxg2) 26... Bxf3 $11 27. Bxe7 Bxd1 {Chess con chili.} 28. Rxd1 Rxd1+ 29. Qxd1 {[#] Bxc5 is the strong threat.} Bxe7 30. Bc6 Rd8 31. Qe2 Rd4 32. Kg2 g5 33. Be4 (33. Kh3 $11) 33... Nd7 $17 34. Bb1 Bf8 35. c5 {White does not recover from this.} (35. f3 $17 {was necessary.}) 35... Nxc5 $19 36. Bc2 Bg7 37. Kh3 Nd7 ({Inferior is} 37... Nxa4 38. Qe3 Rc4 39. Qd2 $17) 38. Be4 Nxe5 39. f3 Nd7 40. Bc6 $2 (40. Bc2) 40... Nc5 {Black is clearly winning.} 41. Qh2 Rf4 42. Qd2 Be5 43. Qe2 Bd6 44. Be4 Nxa4 45. Bc2 Nc5 {Inhibits Qd3.} 46. Kg2 a4 47. Bb1 Nd7 48. Ba2 Ne5 {Weighted Error Value: White=0.32/Black=0.09 (flawless)} 0-1

[Event "46th BAN National Premier Chess-ch 2021"]
[Site "Dhaka"]
[Date "2022.01.10"]
[Round "13.7"]
[White "Rahman, Ziaur"]
[Black "Md., Sharif Hossain"]
[Result "1-0"]
[WhiteElo "2413"]
[BlackElo "2211"]
[Annotator "TA"]
[PlyCount "65"]
[EventDate "2021.12.27"]
[EventCountry "BAN"]
[SourceTitle "playchess.com"]
[Source "ChessBase"]
[SourceQuality "1"]

{[%evp 21,65,64,79,47,49,55,54,24,68,59,100,79,83,79,210,162,175,172,693,681,737,677,975,959,891,690,1397,1431,1440,916,1333,1355,1377,1361,1342,1310,1201,1096,1840,1768,2890,2740,2286,2233,29992,29993]} 1. d4 d5 2. Nf3 Nf6 3. c4 c6 4. e3 e6 5. Bd3 Bd6 6. O-O O-O 7. Nc3 Re8 8. e4 dxe4 9. Nxe4 Nxe4 10. Bxe4 h6 11. Bc2 Nd7 12. Qd3 {Threatens to win with Qh7+. D46: Semi-Slav: 5 e3 Nbd7 6 Bd3, Black avoids the Meran.} Nf8 {Prevents Qh7+.} 13. Be3 b6 14. Rad1 {White is slightly better.} Bb7 (14... Qe7 $11) 15. c5 $14 {[#]} Be7 $146 (15... Bc7 $14) ({Predecessor:} 15... Bc7 16. Rfe1 bxc5 17. Qb3 Qb8 18. dxc5 e5 19. Be4 Re6 20. Nh4 Ba6 21. Qc3 Qb5 {1-0 (34) Michenka,J (2300)-Sobek,J (2198) Ostrava 2021}) 16. Ne5 {[%cal Oe3h6] White is more active.} bxc5 17. dxc5 {Strongly threatening Qc3.} Qa5 (17... Qxd3 $16 {is a better defense.} 18. Bxd3 (18. Rxd3 Bf6 $14) 18... f6) 18. b4 Qc7 19. Bf4 $36 {[%cal Oe5g6][%mdl 2048] aiming for Ng6! White is on the roll.} g5 $2 (19... Bg5 20. Bg3 a5) 20. Bg3 $18 f5 {[#]} 21. Ng4 $1 {[%mdl 512]} f4 (21... Rad8 22. Nxh6+) 22. Qc3 {[%cal Rg4h6]} e5 23. Qc4+ Kg7 {[#]} 24. Bb3 $1 {[%csl Gb3][%cal Rc4g8]} Nh7 25. Qf7+ Kh8 {[#]} 26. Rd7 $3 {[%mdl 512] Threatening mate with Bc2.} Qxd7 27. Nxe5 {[%cal Re5g6]} Rg8 28. Nxd7 {[%cal Od7e5]} Rg7 29. Qe6 {[%cal Od7e5] Ne5! is the strong threat.} Rd8 {[#]} 30. Ne5 $1 {White wants to mate with Nf7+.} Bf6 (30... Rdg8 31. Qxh6) 31. Nf7+ Rxf7 32. Qxf7 {[%cal Of1e1] Intending Re1! and mate.} Ba6 {[#]} 33. Re1 $1 {Black did not feel at home in the position after the opening.  Weighted Error Value: White=0.34/Black=1.30} 1-0